Responses for Show #4162 - Tuesday, October 8, 2002

Mark Brown game 4.

(Sofia: Hey Jimmy, William Howard Taft lived here.)
(Jimmy: Let's go inside and check out how big the bathtub is!)

Contestants

[<< previous game]

Jason Schneiderman, an editor from Somerville, Massachusetts

Kate Martin, a researcher and editor from New Bedford, Massachusetts

Mark Brown, an administrative assistant and father from Peoria, Arizona (whose 3-day cash winnings total $42,899)

[next game >>]

Jeopardy! Round responses

CAPITAL TOURISM
TV PUPPETS
LEAP DAY BABIES
A PROVERBIAL MESS
(Alex: We'll give you a proverbial mess; you straighten it out for us & give us the proverb.)
FULL SERVICE
BY HALVES
    $200 1
Oslo

Jason
    $200 2
Shari Lewis

Kate
    $200 21
ova

Mark
    $200 8
Practice what you preach

Jason
    $200 26
baptism

Mark
    $200 13
nickel

Mark
    $400 4
Trafalgar Square

Kate
    $400 3
(Jason: What are cows?)

chickens

MarkJason
    $400 22
India

Triple Stumper
    $400 9
(Alex: Did you notice that I'm starting to sound like Yoda?)

Strike while the iron is hot

Jason
    $400 27
(Mark: What is "We are"?)

Dearly beloved

MarkKate
    $400 15
Half Pint

Mark
    $600 14
Kingston

Jason
    $600 5
ALF

Kate
    $600 23
Gioachino Rossini

Mark
    $600 10
All roads lead to Rome

Kate
    $600 28
bread & wine

Kate
    $600 18
(Jason: What are half-steps?)

half-leagues

Jason
Triple Stumper
    $800 16
(Kate: What is Sydney?)

Wellington

MarkKate
    $800 6
Greg the Bunny

Jason
    $800 24
(Alex: We have a little bit less than a minute to go.)

Antonio Sabato Jr.

Triple Stumper
    $800 11
Two heads are better than one

Kate
    $800 29
Yom Kippur

Jason
    $800 19
kick

Jason
    $1000 17
Quito

Mark
    $1000 7
Bobcat Goldthwait

Jason
    $1,400 25
IBM

Mark
    $1000 12
The pen is mightier than the sword

Kate
    $1000 30
requiem mass

Mark
    $1000 20
half-life

Jason

Scores at the first commercial break (after clue 15):

Mark Kate Jason
$1,000 $3,600 $2,800

Scores at the end of the Jeopardy! Round:

Mark Kate Jason
$5,800 $3,800 $4,800

Double Jeopardy! Round responses

WILLIAM HOWARD TAFT
GET YOUR FACTS STRAIGHT
WRITERS' PEN NAMES
POP MUSIC DECADES
HAWAII
FILE UNDER "H"
    $400 18
Speaker of the House

Mark
    $400 7
John Steinbeck

Kate
    $400 4
Stephen King

Mark
    $400 13
The Supremes

Kate
    $400 24
(Alex: And we have a minute to go.)

wahine

Mark
    $400 1
Hyundai

Jason
    $800 19
Woodrow Wilson

Mark
    $800 8
duck

Mark
    $800 12
Washington Irving

Triple Stumper
    $800 14
John Denver

Mark
    $800 30
Captain James Cook

Mark
    $800 2
hunt-and-peck

Kate
    $1200 20
(Mark: What is a senator?)

Superior Court judge

MarkKate
    $1200 9
Dance Fever

Jason
    $1200 15
L. Ron Hubbard

Mark
    $3,800 21
Glenn Miller

Kate
    $1200 29
King Kamehameha

Mark
    $1200 3
hazelnut

Jason
    $1600 25
(Kate: What is mining?)
(Mark: What is the Bureau of Mine Safety?)

Bureau of Mines

MarkKate
Triple Stumper
    $1600 10
Jerome Robbins

Kate
    $1600 16
William Sydney Porter

Triple Stumper
    $1600 22
David Bowie

Jason
    $1600 27
(Mark: What is Oahu?)

Molokai

Mark
Triple Stumper
    $1600 5
Harrow

Kate
    $3,800 26
"Dollar Diplomacy"

Mark
    $2000 11
(Mark: What is Yellowstone?)

Yosemite

Mark
Triple Stumper
    $2000 17
(Jason: Who is A.A. Milne?)

Erle Stanley Gardner

Jason
Triple Stumper
    $2000 23
["What A Diff'rence A Day Makes"]
(Kate: Who is Eartha Kitt?)

Dinah Washington

Kate
Triple Stumper
    $2000 28
Punchbowl

Triple Stumper
    $2000 6
(Mark: What is the Housatonic?)
...
(Alex: That's what the Hunley sank.)

C.S.S. Hunley

Mark
Triple Stumper

Scores at the end of the Double Jeopardy! Round:

Mark Kate Jason
$8,000 $10,000 $7,200

[wagering suggestions for these scores]

Final Jeopardy! Round responses

1896
(Alex: Good year!)
JasonWhat is The Red Cross?
$6,200
MarkWhat are The Olympics
$8,000
KateWhat was the Panama Canal?
$6,001
the Olympic Games (first of the modern era)

Final scores:

Mark Kate Jason
$16,000 $3,999 $1,000
4-day champion: $58,899 2nd place: $2,000 3rd place: $1,000

Game dynamics:

Coryat scores:

Mark Kate Jason
$5,800 $7,400 $7,200
20 R
(including 2 DDs),
6 W
15 R
(including 1 DD),
3 W
13 R,
3 W

Combined Coryat: $20,400

[game clues] [game scores] [suggest correction]

Game tape date: 2002-06-25
The J! Archive is created by fans, for fans. Scraping, republication, monetization, and malicious use prohibited; this site may use cookies and collect identifying information. See terms. The Jeopardy! game show and all elements thereof, including but not limited to copyright and trademark thereto, are the property of Jeopardy Productions, Inc. and are protected under law. This website is not affiliated with, sponsored by, or operated by Jeopardy Productions, Inc. Join the discussion at JBoard.tv.